What Country Is Missing? (L- R) - Statistics

General Stats
  • This quiz has been taken 74 times
  • The average score is 4 of 5
Answer Stats
Countries Missing Country % Correct
R Romania / Russia Rwanda
97%
L Laos / Latvia / Lebanon / Lesotho / Liberia / Libya / Lithuania / Luxembourg Liechtenstein
91%
P Pakistan / Panama / Papua New Guinea / Paraguay / Peru / Philippines / Poland / Portugal Palau
85%
N Namibia / Nauru / Nepal / Netherlands / Nicaragua / Niger / Nigeria / North Macedonia / Norway / North Korea New Zealand
68%
M Madagascar / Malawi / Malaysia / Maldives / Mali / Malta / Marshall Islands / Mauritania / Mauritius / Mexico / Micronesia / Moldova / Monaco / Mongolia / Morocco / Mozambique / Myanmar Montenegro
65%
No matching quizzes found
Score Distribution
Percent of People with Each Score
Percentile by Number Answered
Your Score History
You have not taken this quiz